| 000 -LEADER |
| fixed length control field |
01760cam a22003014a 4500 |
| 001 - CONTROL NUMBER |
| control field |
14018605 |
| 005 - DATE AND TIME OF LATEST TRANSACTION |
| control field |
20170206083949.0 |
| 008 - FIXED-LENGTH DATA ELEMENTS--GENERAL INFORMATION |
| fixed length control field |
050628s2005 ncua b 001 0 eng |
| 010 ## - LIBRARY OF CONGRESS CONTROL NUMBER |
| LC control number |
2005016990 |
| 020 ## - INTERNATIONAL STANDARD BOOK NUMBER |
| International Standard Book Number |
0786422114 (softcover : alk. paper) |
| 042 ## - AUTHENTICATION CODE |
| Authentication code |
pcc |
| 050 00 - LIBRARY OF CONGRESS CALL NUMBER |
| Classification number |
ND1158 .S36L53 2005 |
| 100 1# - MAIN ENTRY--PERSONAL NAME |
| Personal name |
Libaw, William H., |
| Dates associated with a name |
1923- |
| 245 10 - TITLE STATEMENT |
| Title |
Painting in a world transformed : |
| Remainder of title |
how modern art reflects our conflicting responses to science and change / |
| Statement of responsibility, etc. |
by William H. Libaw ; foreword by Michael Shermer. |
| 260 ## - PUBLICATION, DISTRIBUTION, ETC. (IMPRINT) |
| Place of publication, distribution, etc. |
Jefferson, N.C. : |
| Name of publisher, distributor, etc. |
McFarland & Co., |
| Date of publication, distribution, etc. |
c2005. |
| 300 ## - PHYSICAL DESCRIPTION |
| Extent |
xii, 268 p. : |
| Other physical details |
ill. ; |
| Dimensions |
23 cm. |
| 504 ## - BIBLIOGRAPHY, ETC. NOTE |
| Bibliography, etc |
Includes bibliographical references (p. 255-262) and index. |
| 520 ## - SUMMARY, ETC. |
| Summary, etc. |
"This book shows how painting since the mid-1800s has reflected Western society's mixed feelings about the transformations in our world produced by science and technology. Neither a chronicle of the development of modern art nor a history of the modern era, it instead discusses how artists have represented feelings and ideas about the technological changes of modern times"--Provided by publisher. |
| 650 #0 - SUBJECT ADDED ENTRY--TOPICAL TERM |
| Topical term or geographic name as entry element |
Painting, Modern |
| Chronological subdivision |
19th century. |
| 650 #0 - SUBJECT ADDED ENTRY--TOPICAL TERM |
| Topical term or geographic name as entry element |
Painting, Modern |
| Chronological subdivision |
20th century. |
| 650 #0 - SUBJECT ADDED ENTRY--TOPICAL TERM |
| Topical term or geographic name as entry element |
Art and science. |
| 856 41 - ELECTRONIC LOCATION AND ACCESS |
| Materials specified |
Table of contents |
| Uniform Resource Identifier |
<a href="http://www.loc.gov/catdir/toc/ecip0515/2005016990.html">http://www.loc.gov/catdir/toc/ecip0515/2005016990.html</a> |
| 942 ## - ADDED ENTRY ELEMENTS (KOHA) |
| Source of classification or shelving scheme |
|
| Koha item type |
Hard Covered Materials |